000 01493nam a2200361 i 4500
003 EG-GICUC
005 20260121101725.0
008 260113s1993 ua ||||fr|||| 00| 0 ara d
017 _a93/2901
020 _a9770049425
040 _a EG-GICUC
_bara
_c EG-GICUC
_d EG-GICUC
_erda
041 0 _aara
082 0 4 _a343.431
_bم ح . إ
_221
092 0 4 _221
099 _aLaw1 10 343.431 م ح . إ ed 1 - 1993 1006801
100 0 _aمحمود صالح العدلي.
_eمؤلف.
245 1 2 _aالإرهاب والعقاب :
_bشرح القانون الجنائي للإرهاب - طبقا للقانون رقم 97 لسنة 1992م /
_cتأليف الدكتور محمود صالح العدلي.
250 _aالطبعة الأولى،
264 1 _aالقاهرة :
_bدار النهضة العربية،
_c1993.
300 _a407 صفحة ؛
_c24 سم.
336 _2rda content
_atext
337 _2rda media
_aComputer
338 _2rda carrier
_aOnline Resource
500 _aملحق بالكتاب نصوص تجريم الإرهاب وما يتصل به والمذكرة الإيضاحية لها.
504 _aيشتمل على ارجاعات ببليوجرافية.
546 _aالنص باللغة العربية
650 1 4 _aالتشريع الخاص بالإرهاب.
_2qrmak
650 1 4 _aالقانون الجنائي.
_2qrmak
651 1 _2qrmak
856 4 0 _uhttps://fll.law.cu.edu.eg/fulltext/bks/B10-06801.pdf
905 _a18
942 _2ddc
_cBK
_e21
_n0
999 _c56944
_d56944